000 01049nas a2200349 4500
001 BR0501747
003 BR-BrBNA
005 20231205105232.0
007 ta
008 230509b bl.|||p| |||| 00| 00por d
040 _aBR-BrBNA
_bpor
_cBiblioteca Nacional de Agricultura
041 _a(En)
072 _aF01
100 1 _aCastro, N.E.A. de
100 1 _aPinto, J.E.B.P.
100 1 _aCardoso, M. das G.
100 1 _aMorais, A.R. de
100 1 _aBertolucci, S.K.V.
100 1 _aSilva, F.G. da
100 1 _aDelú Filho, N.
245 1 _aPlanting time for maximization of yield of vinegar plant calyx (Hibiscus sabdariffa L.)
650 _aHIBISCUS SABDARIFFA
650 _aROSELA
650 _aCÁLICE
650 _aAGRICULTURA ORGÂNICA
650 _aPLANTA MEDICINAL
650 _aPRODUÇAO VEGETAL
650 _aÉPOCA DE PLANTIO
773 0 _tCiência e Agrotecnologia (Brazil)
_xISSN 1413-7054
_g(May-Jun 2004), v. 28(3) p. 542-551
_wBR0501747
909 _a202311
_bLúcia
_c55
_dLúcia Elande
942 _2AGRIS
_n0
_cANA
999 _c181913
_d181913